Rosa AC Monza 2023-24 - Statistics

Statistiche generali
  • Questo quiz è stato fatto 49 volte
    43 dall'ultimo reset
  • Il punteggio medio è 18 su 34
Statistiche sulle risposte
Numero Ruolo Giocatore Nazionalità % Corretto
47 ATT Dany Mota Portogallo
95%
16 POR Michele Di Gregorio Italia
95%
22 DIF Pablo Marí Spagna
89%
28 CEN Andrea Colpani Italia
81%
32 CEN Matteo Pessina Italia
76%
77 DIF Georgios Kyriakopoulos Grecia
73%
11 ATT Milan Djurić Bosnia ed Erzegovina
73%
38 CEN Warren Bondo Francia
70%
9 ATT Lorenzo Colombo Italia
68%
21 CEN Valentín Carboni Argentina
68%
4 DIF Armando Izzo Italia
65%
44 DIF Andrea Carboni Italia
62%
5 DIF Luca Caldirola Italia
62%
84 CEN Patrick Ciurria Italia
62%
(11) (CEN) (Franco Carboni) (Argentina)
59%
10 ATT Gianluca Caprari Italia
59%
33 DIF Danilo D'Ambrosio Italia
54%
6 CEN Roberto Gagliardini Italia
54%
7 CEN José Machín Guinea Equatoriale
51%
66 POR Stefano Gori Italia
51%
19 DIF Samuele Birindelli Italia
49%
(24) (ATT) (Mirko Marić) (Croazia)
46%
23 POR Alessandro Sorrentino Italia
41%
13 DIF Pedro Pereira Portogallo
38%
80 CEN Samuel Vignato Italia
35%
27 CEN Daniel Maldini Italia
32%
8 CEN Jean-Daniel Akpa-Akpro Costa D'Avorio
32%
(1) (POR) (Eugenio Lamanna) (Italia)
30%
17 CEN Alejandro Gómez Argentina
27%
20 ATT Alessio Zerbin Italia
27%
2 DIF Giulio Donati Italia
24%
79 ATT Matija Popović Serbia
16%
(46) (DIF) (Giorgio Cittadini) (Italia)
14%
18 DIF Davide Bettella Italia
11%
Nessun quiz corrispondente trovato
Distribuzione punteggi
Percentuale di utenti per punteggio
Percentile per numero di risposta
I tuoi punteggi nel tempo
Non hai fatto questo quiz dall'ultimo reset